|
|
|
|
| LEADER |
01819nam a2200397 i 4500 |
| 001 |
EBC7251946 |
| 003 |
MiAaPQ |
| 005 |
20230704004355.0 |
| 006 |
m o d | |
| 007 |
cr cnu|||||||| |
| 008 |
230704s2023 njua ob 001 0 eng d |
| 020 |
|
|
|z 9781394178049
|q (print)
|
| 020 |
|
|
|a 9781394178056
|q (electronic bk.)
|
| 035 |
|
|
|a (MiAaPQ)EBC7251946
|
| 035 |
|
|
|a (Au-PeEL)EBL7251946
|
| 035 |
|
|
|a (OCoLC)1380466075
|
| 040 |
|
|
|a MiAaPQ
|b eng
|e rda
|e pn
|c MiAaPQ
|d MiAaPQ
|
| 050 |
|
4 |
|a HG4515.13
|b .K436 2023
|
| 082 |
0 |
|
|a 332.6088/297
|2 23
|
| 100 |
1 |
|
|a Khan, Ibrahim
|c (Investment advisor),
|e author.
|
| 245 |
1 |
0 |
|a Halal investing for beginners :
|b how to start, grow and scale your halal investment portfolio /
|c Ibrahim Khan, Mohsin Patel.
|
| 264 |
|
1 |
|a Hoboken, NJ :
|b John Wiley & Sons, Ltd.,
|c [2023]
|
| 264 |
|
4 |
|c Ã2023
|
| 300 |
|
|
|a 1 online resource (259 pages) :
|b illustrations
|
| 336 |
|
|
|a text
|b txt
|2 rdacontent
|
| 337 |
|
|
|a computer
|b c
|2 rdamedia
|
| 338 |
|
|
|a online resource
|b cr
|2 rdacarrier
|
| 504 |
|
|
|a Includes bibliographical references and index.
|
| 588 |
|
|
|a Description based on print version record.
|
| 590 |
|
|
|a Electronic reproduction. Ann Arbor, MI : ProQuest, 2018. Available via World Wide Web. Access may be limited to ProQuest affiliated libraries.
|
| 650 |
|
0 |
|a Investments
|x Religious aspects
|x Islam.
|
| 650 |
|
0 |
|a Economics
|x Religious aspects
|x Islam.
|
| 655 |
|
4 |
|a Electronic books.
|
| 776 |
0 |
8 |
|i Print version:
|a Khan, Ibrahim (Investment advisor).
|t Halal investing for beginners : how to start, grow and scale your halal investment portfolio.
|d Hoboken, NJ : John Wiley & Sons, Ltd., c2023
|h 259 pages
|z 9781394178049
|w (DLC) 2023002081
|
| 797 |
2 |
|
|a ProQuest (Firm)
|
| 856 |
4 |
0 |
|u https://ebookcentral.proquest.com/lib/matrademy/detail.action?docID=7251946
|z Click to View
|